000
00350pam a2200157a 44500
008
230515b1993 xxu||||| |||| 00| 0 eng d
020
_a
NULL
041
_a
ENGLISH
082
_a
N.D.
100
_a
Harrel William
245
_a
Illustrated Pagemakars
250
_a
0
260
_a
NULL
_b
Joico Pub. House
_c
1993
300
_a
324
650
_a
NULL
999
_c
574406
_d
574406